ERROR_Mini-série /
Už jste se někdy přistihli, že svým dětem říkáte něco jako...„Vidíš, Péťo? Janička už to zvládá. Je tak šikovná. Proč ty to ještě neumíš?“„Přestaň s tím! Koukej, všichni se na tebe dívají. Co si o tobě pomyslí?“Na první pohled to může znít nevinně – prostě klasické „rodičovské“ věty. Jenže „spoiler“...
Uloženo v:
| Série: | ERROR,
část 2 |
|---|---|
| Hlavní autor: | |
| Médium: | E-kniha |
| Jazyk: | Czech |
| Vydáno: |
Praha :
Jonathan Livingston,
2025
|
| Příbuzné jednotky: | Z cyklu::
ERROR |
| Tagy: |
Žádné tagy |
| LEADER | 03274nam a22002417i 4500 | ||
|---|---|---|---|
| 001 | 312629 | ||
| 007 | ta | ||
| 008 | 260601s2025 xr ||||| |||| 00| 0 cze d | ||
| 020 | |a 9788075513762 | ||
| 044 | |a xr | ||
| 100 | 1 | |a Stodůlka, Stanislav |4 aut | |
| 245 | 1 | 0 | |a ERROR_Mini-série / |c Stodůlka, Stanislav |
| 264 | 1 | |a Praha : |b Jonathan Livingston, |c 2025 | |
| 300 | |a 1 online zdroj (23 stran) | ||
| 336 | |a text |b txt |2 rdacontent | ||
| 337 | |a bez média |b n |2 rdamedia | ||
| 338 | |a online zdroj |b cr |2 rdacarrier | ||
| 520 | 2 | |a Už jste se někdy přistihli, že svým dětem říkáte něco jako...„Vidíš, Péťo? Janička už to zvládá. Je tak šikovná. Proč ty to ještě neumíš?“„Přestaň s tím! Koukej, všichni se na tebe dívají. Co si o tobě pomyslí?“Na první pohled to může znít nevinně – prostě klasické „rodičovské“ věty. Jenže „spoiler“: tak neškodné nejsou. Ta první? Skoro jako byste svému dítěti rovnou předávali manuál k doživotním pochybnostem o sobě. Ta druhá? Expresní jízdenka k tomu, aby se z dítěte stal člověk neustále se ohlížející na názory ostatních.Vítejte v ERROR minisérii: „Programování“ dětí – příručce, která (po)může zachránit vaše ratolesti (a taky vás) před nevědomými pastmi, o kterých jste neměli ani tušení.A teď to hlavní: rodičovství není jen o výchově dětí. Je taky o přeprogramování vlastní hlavy, která jede na autopilota už od dob, kdy jsme sami byli malí. Jde o to vyhnout se nástrahám jako „Protože jsem to řekl/a!“ a naučit se vychovávat respektující, samostatné bytosti, aniž bychom se proměnili v „rodičovskou policii“.V téhle miniknížce se dozvíte třeba:???? Jak pár zdánlivě nevinných vět může z dítěte udělat jedno velké klubíčko nejistot – a čemu se raději vyhnout.???? Proč výchova postavená na strachu nebuduje respekt, ale spíš odpor (a možná i naučenou falešnou poslušnost).???? Jednoduché a přitom chytré způsoby, jak dětem předat určité pravomoci – aniž by vám (možná) podpálily dům.???? Jak zvládnout chvíle, kdy se vaše amygdala (alias mozková „královna dramat“) rozhodne rozpoutat bitvu kvůli jedné ztracené ponožce.A samozřejmě se ponoříme i do podvědomých programů, které tajně ovlivňují vás i vaše děti. Berte to jako příručku na „odladění“ rodičovského přístupu – s kapkou humoru, aby vás to bavilo.To všechno znamená méně křiku, opravdovější spolupráci a klidnější domácnost pro vás i vaše děti.Protože ruku na srdce: rodičovství je mix únavy, chaosu a chvil, kdy zpochybňujeme sami sebe. Přesto (a možná právě proto) je to jedna z nejúžasnějších cest, na kterou se kdy vydáme – zejména když ji prožíváme vědomě. | |
| 787 | 0 | 8 | |g 2 |i Z cyklu: |t ERROR |
| 910 | |a RBIT002 | ||
| 998 | |d 417217 |a https://core.palmknihy.cz/api/books/417217/cover?sr80hg |b https://core.palmknihy.cz/api/books/417217/cover/400?sr80hg |c https://core.palmknihy.cz/api/books/417217/cover/50?sr80hg |e 2029-02-05 |g 23 |i 9788075513762 |j https://core.palmknihy.cz/api/books/417217/preview.epub |l |q 0 |r 1 |s https://www.palmknihy.cz/kniha/417217 |t ebook |y 2025 |z 1 |v ERROR |w 2 | ||
| 999 | |d 312627 | ||